Kraj VS Kraj: Francja czy Włochy? - Statystyki

Ogólne statystyki
  • Ten quiz został rozwiązany 189 razy
  • Średni wynik to 7 z 12
Statystyki odpowiedzi
Zagadnienie Odpowiedź % Poprawnych
Ma starszą stolicę: Włochy
86%
Obowiązuje tam ruch lewostronny: żadne
86%
Leży na terytorium Alp: Francja i Włochy
81%
Na Morzu Środziemnym ma przynajmniej jedną wyspę powierzchnią przekraczającą 6000 km²: Francja i Włochy
67%
Posiada aktualnie jakiekolwiek terytoria zależne lub zamorskie: Francja
62%
Było państwem Osi: Włochy
62%
Leży na terytorium Półwyspu Bretońskiego: Francja
57%
Ma dostęp do Zatoki Biskajskiej: Francja
57%
Posiadało kolonie na Saharze: Francja i Włochy
52%
Graniczy z państwem, z którym nie graniczy już żaden inny kraj: Francja i Włochy
43%
W całej swojej historii posiadało większe imperium: Francja
33%
Gęstość zaludnienia jest większa niż 150 osób/km²: Włochy
24%
Nie znaleziono quizów pasujących do podanych kryteriów
Rozkład punktacji
Procent ludzi z każdym wynikiem
Percentyl według liczby udzielonych odpowiedzi
Twoja historia wyników
Nie rozwiązałeś tego quizu